| 000 | 00552nam a22001337a 4500 | ||
|---|---|---|---|
| 040 | _cRUA | ||
| 082 | _aAGR KEO 2009 B042 Or.1 | ||
| 100 | _aKEO, CHENDA. | ||
| 245 | _ahouseholder economic in tramkok district takeo province (សេដ្ឋកិច្ចគ្រួសារកសិករ នៅស្រុកត្រាំកក់ ខេត្តតាកែវ) | ||
| 260 |
_aPhnom Penh _bRUA _c2009 |
||
| 300 |
_axi, 83p. _bill. _c29cm. |
||
| 856 | _uhttps://drive.google.com/file/d/1jPsT7phSHWQrtivUESQnWyXHNFEPhMM-/view?usp=sharing | ||
| 942 | _cAGR | ||
| 999 |
_c950 _d950 |
||